El yo y los otros / (Record no. 176066)

MARC details
000 -LEADER
campo de control de longitud fija 00957nam a2200289 i 4500
001 - NÚMERO DE CONTROL
campo de control 176066
003 - IDENTIFICADOR DE NÚMERO DE CONTROL
campo de control ES-MaACL
005 - FECHA Y HORA DE LA ÚLTIMA TRANSACCIÓN
campo de control 20230906215958.0
007 - CAMPO FIJO DE DESCRIPCIÓN FÍSICA--INFORMACIÓN GENERAL
campo de control de longitud fija t|
008 - DATOS DE LONGITUD FIJA--INFORMACIÓN GENERAL
campo de control de longitud fija 101214s1974 mx ||||1| spa d
080 ## - NÚMERO DE LA CLASIFICACIÓN DECIMAL UNIVERSAL
Número de la Clasificación Decimal Universal 616.895.8
100 1# - ENTRADA PRINCIPAL--NOMBRE DE PERSONA
Nombre de persona Laing, Ronald David.
9 (RLIN) 69695
245 13 - MENCIÓN DEL TÍTULO
Título El yo y los otros /
Mención de responsabilidad, etc. R. D. Laing ; [traducción de Daniel Jiménez Castillejo].
250 ## - MENCION DE EDICION
Mención de edición 1ª ed. en español.
260 ## - PUBLICACIÓN, DISTRIBUCIÓN, ETC.
Lugar de publicación, distribución, etc. México :
Nombre del editor, distribuidor, etc. Fondo de Cultura Económica,
Fecha de publicación, distribución, etc. 1974.
300 ## - DESCRIPCIÓN FÍSICA
Extensión 187 p. ;
Dimensiones 21 cm.
490 1# - MENCIÓN DE SERIE
Mención de serie Biblioteca de Psicología y Psicoanálisis
500 ## - NOTA GENERAL
Nota general Índice.
504 ## - NOTA DE BIBLIOGRAFÍA, ETC.
Nota de bibliografía, etc. Bibliografía: p. 175-178.
594 ## - Nota al título y mención de responsabilidad
Nota al título y mención de responsabilidad Tít. original: Self and Others.
650 14 - PUNTO DE ACCESO ADICIONAL DE MATERIA--TÉRMINO DE MATERIA
Término de materia o nombre geográfico como elemento de entrada Esquizofrenia.
9 (RLIN) 12510
700 0# - ENTRADA AGREGADA--NOMBRE PERSONAL
Nombre de persona Jiménez Castillejo, Daniel.
9 (RLIN) 66479
710 2# - ENTRADA AGREGADA--NOMBRE DE ENTIDAD CORPORATIVA
Nombre de entidad corporativa o nombre de jurisdicción como elemento de entrada Fondo de Cultura Económica (México)
9 (RLIN) 144068
830 0# - PUNTO DE ACCESO ADICIONAL DE SERIE-TÍTULO UNIFORME
Título uniforme Biblioteca de Psicología y Psicoanálisis
9 (RLIN) 179941
852 ## - LOCALIZACIÓN
Ubicación ES-MaACL
Número de control de estantería E-13802
Holdings
Estatus retirado Estado de pérdida Estado de daño No para préstamo Biblioteca de origen Biblioteca actual Ubicación en estantería Fecha de adquisición Fuente de adquisición Total de préstamos Signatura topográfica completa Código de barras Visto por última vez Precio de reemplazo Tipo de ítem Koha
        Biblioteca del Ateneo de Madrid Biblioteca del Ateneo de Madrid Depósito 2 14/12/2010     E-13802 1184907 23/02/2023 23/02/2023 Libro impreso